000
00309nam a22001457a 4500
003
SGT
082
_a
603
_b
S16A
100
_a
APTE, SHIVRAM
245
_a
SANSKRIT HINDI DICTIONARY
250
_a
1ST
260
_a
VARANASI
_b
CHAUKHAMBHA PUB
_c
2016
300
_a
453
650
_a
DICTIONARY
942
_2
ddc
_c
BK
_0
4
999
_c
8728
_d
8728